[Event "IOM Open-Masters 2017"]
[Site "Douglas"]
[Date "2017.09.25"]
[Round "3"]
[White "Bogner, Sebastian"]
[Black "Raja, Harshit"]
[Result "1-0"]
[WhiteElo "2599"]
[BlackElo "2423"]
[Annotator "TA"]
[PlyCount "129"]
[EventDate "2017.??.??"]
[EventType "swiss"]
[EventCountry "GBR"]
[SourceTitle "playchess.com"]
[Source "ChessBase"]
[SourceQuality "1"]

{[%evp 27,129,8,21,-4,18,5,10,7,11,17,36,4,12,6,52,52,43,63,47,51,49,53,55,47,66,64,62,60,96,94,91,87,93,88,95,86,89,73,94,97,95,102,147,0,72,0,140,135,136,139,142,143,139,147,153,151,156,136,188,191,175,158,159,159,158,155,156,75,75,39,39,39,39,39,39,39,39,40,96,96,96,96,164,171,160,133,893,183,893,0,893,893,893,893,886,886,886,886,875,661,1743,1705,1422,1321]} 1. d4 Nf6 2. c4 e6 3. Nf3 d5 4. g3 Be7 5. Bg2 O-O 6. O-O dxc4 7. Qc2 a6 8. a4 Bd7 9. Qxc4 Bc6 10. Bf4 Bd6 11. Bg5 Nbd7 12. Nc3 h6 {E05: Open Catalan: 5 Nf3 Be7} 13. Bxf6 Nxf6 14. Rfd1 Qe7 {[#] LiveBook: 6 Games. The position is equal.} 15. Rab1 $146 ({Predecessor:} 15. Nd2 Bxg2 16. Kxg2 c5 17. Nde4 Nxe4 18. Nxe4 cxd4 19. Qxd4 Bb4 20. Nd6 Bxd6 21. Qxd6 Qf6 22. Qb6 Qe7 23. Qd6 Qf6 24. Qb6 Qe7 25. Qd6 {½-½ (25) Ragger,M (2658)-Jakovenko,D (2747) Germany 2014}) 15... Bb4 16. Ne5 Bxg2 17. Kxg2 Rfd8 18. Rbc1 Rac8 19. Na2 Bd6 20. Nd3 e5 (20... c6 {looks sharper.} 21. a5 e5 22. dxe5 Bxe5 23. b4 c5) 21. dxe5 Bxe5 22. Nxe5 Qxe5 23. Rxd8+ Rxd8 24. Qxc7 Qd5+ 25. Kg1 $1 Re8 26. Nc3 Qb3 $1 27. a5 Re6 28. Qd8+ Kh7 29. Qd3+ g6 30. Qc2 Qb4 31. Ra1 Qc5 32. Qa4 g5 33. Rd1 Re5 34. Qb3 Re7 35. Qa4 ({Better is} 35. Nd5 Nxd5 36. Rxd5) 35... Re5 $1 $16 36. Qb3 $40 {[%mdl 128] White attacks.} (36. Rd3 $142) 36... Re7 $1 37. Nd5 Nxd5 38. Rxd5 {[%mdl 4096] Endgame KQR-KQR} Qc1+ 39. Kg2 $1 Qc6 40. Qd3+ Kg7 41. Qd4+ Kh7 42. e3 {[%cal Be2e3,Be3e4][%mdl 32]} Rd7 (42... b6 $16 43. axb6 Re6 44. Qd3+ Kg7) 43. e4 $18 Re7 44. f3 {[%cal Bf2f3,Bf3g4][%mdl 32]} g4 45. fxg4 Qc2+ 46. Kh3 {Intending Rd8 and mate.} Qxe4 47. Qxe4+ (47. Qd2 $142) 47... Rxe4 $16 {KR-KR} 48. Rd7 Rb4 49. Rxf7+ Kg6 50. Rf2 {Strongly threatening Rd2.} Rb5 51. Rd2 Kg5 52. Kg2 Rxa5 (52... Kxg4 $14 53. Rd4+ Kf5) 53. Rd4 {h4+ is the strong threat.} Rb5 54. b4 b6 (54... Kg6 $16) 55. Kf3 $18 {Threatens to win with Rd6.} Kg6 56. h4 a5 $2 {[%mdl 8192]} (56... Kg7 $16 57. Kf4 a5) 57. Rd6+ $2 (57. bxa5 Rb3+ 58. Kf4 bxa5 59. Rd6+ Kh7 60. Rd7+ Kh8 61. Rd8+ Kh7 62. Rd7+ Kh8 63. Rd8+ Kh7 64. Rd7+) 57... Kf7 $2 (57... Kh7) 58. Rd7+ $2 (58. bxa5 $18 Rb3+ 59. Kg2) 58... Kf6 $2 {[%mdl 8192] [#]} (58... Ke8 $11 59. Rd6 axb4) 59. bxa5 $1 {White is clearly winning.} bxa5 60. Rh7 Kg6 61. Ra7 Rb3+ {[#]} 62. Kg2 $1 Rb4 63. Kh3 a4 64. h5+ Kf6 65. Rh7 {Precision: White = 66%, Black = 43%.} 1-0

[Event "IOM Open-Masters 2017"]
[Site "Douglas"]
[Date "2017.09.25"]
[Round "3"]
[White "Tregubov, Pavel V"]
[Black "Roberson, Peter T"]
[Result "1/2-1/2"]
[WhiteElo "2589"]
[BlackElo "2403"]
[Annotator "TA"]
[PlyCount "80"]
[EventDate "2017.??.??"]
[EventType "swiss"]
[EventCountry "GBR"]
[SourceTitle "playchess.com"]
[Source "ChessBase"]
[SourceQuality "1"]

{[%evp 25,80,-9,0,-68,-47,-52,-51,-72,-66,-68,-18,-11,0,0,0,-19,-12,-11,-11,-25,-21,-38,-33,-25,-4,-6,0,0,0,0,0,0,0,0,0,0,0,0,0,0,0,0,0,0,0,0,0,0,0,0,0,0,0,0,0,0,0]} 1. d4 Nf6 2. c4 e6 3. Nf3 d5 4. Nc3 dxc4 5. e3 a6 6. a4 c5 7. Bxc4 Nc6 8. O-O Be7 {[%cal Bf8e7,Be7c5,Bc5d4][%mdl 32]} 9. Qe2 O-O 10. Rd1 Qc7 11. h3 Rd8 12. dxc5 {D27: Angenommenes Damengambit (Hauptvariante 7.e4, 7.a4)} (12. b3 Na5 13. d5 exd5 14. Bxd5 Nxd5 15. Nxd5 Rxd5 16. Rxd5 Be6 17. Rd1 Nxb3 18. Rb1 Qa5 19. Qc2 Qxa4 20. Nd2 {½-½ (76) Zoler,D (2499)-Suarez Gomez,J (2474) Escaldes 2017}) 12... Rxd1+ 13. Qxd1 Bxc5 {LiveBook: 4 Partien} 14. e4 (14. Bd3 $11) 14... h6 ({Natürlich nicht} 14... Qg3 {[#]} 15. e5 $1 $14 {[%mdl 512]}) 15. Qe1 $146 ({Vorgänger:} 15. Qe2 Nd4 16. Nxd4 Bxd4 17. Bd2 Bd7 18. Bd3 Rd8 19. Kh1 Bc6 {0-1 (34) Kovacs,R (2166)-Donka,P (2267) Hungary 2003}) 15... Nd4 16. Nxd4 Bxd4 17. Bd3 Qg3 18. Bc2 Qc7 (18... Ba7 {looks sharper.} 19. Nd1 Qc7 20. Qc3 Qxc3 21. bxc3 Bd7) 19. Be3 e5 20. Rd1 Bxe3 21. Qxe3 Be6 22. Rd2 (22. Qd2 {is more complex.} Rc8 23. Qd6 Qa5 24. Bb1 Ne8 25. Qe7) 22... Rd8 23. Ne2 Rxd2 24. Qxd2 Ne8 25. a5 {Die Stellung ist ausgeglichen.} b6 26. axb6 Qxb6 27. Qc3 Qc7 28. b4 Bc4 29. Bd3 Bxd3 30. Qxd3 Qb6 31. Qc3 Nd6 32. Qxe5 Qxb4 33. Ng3 g6 34. Kh2 a5 35. f4 h5 36. Qe7 {[#]} h4 $1 {[%mdl 512]} 37. Qxh4 {De7 ist eine echte Drohung.} Nxe4 38. Qd8+ Kg7 {Weiss muss nun ...Sxg3 beachten.} 39. Nxe4 Qxe4 40. Qxa5 {Droht stark De5+.} Qxf4+ {Precision: Weiß = 67%, Schwarz = 61%.} 1/2-1/2

[Event "IOM Open-Masters 2017"]
[Site "Douglas"]
[Date "2017.09.25"]
[Round "3"]
[White "Ju, Wenjun"]
[Black "Houska, Jovanka"]
[Result "0-1"]
[WhiteElo "2574"]
[BlackElo "2393"]
[Annotator "TA"]
[PlyCount "73"]
[EventDate "2017.??.??"]
[EventType "swiss"]
[EventCountry "GBR"]
[SourceTitle "playchess.com"]
[Source "ChessBase"]
[SourceQuality "1"]

{[%evp 20,73,27,8,68,58,51,49,99,98,114,111,96,61,87,0,28,25,20,22,50,16,17,21,30,43,6,8,23,8,56,27,31,8,14,-31,7,7,7,0,0,-14,0,0,0,-6,0,0,85,0,30,0,0,0,0,0]} 1. d4 d5 2. c4 e6 3. Nf3 Nf6 4. Nc3 Nbd7 5. Qc2 Be7 6. cxd5 exd5 7. Bf4 c6 8. e3 O-O 9. Bd3 Re8 10. h3 Nf8 11. O-O-O b6 {D35: Queen's Gambit Declined: Exchange Variation} (11... Be6 $11) (11... Bb4 12. Kb1 Ng6 13. Bh2 Qa5 14. Rc1 Ne4 15. Bxe4 dxe4 16. Nd2 Bxc3 17. bxc3 Qf5 18. Nc4 Qb5+ 19. Qb3 {0-1 (63) Vishnu,P (2518)-Ni,H (2697) Gibraltar 2016}) 12. Ne5 Bb7 13. g4 a6 $146 {White is slightly better.} ({Predecessor:} 13... N6d7 14. Kb1 Nxe5 15. Bxe5 Bd6 16. Bxd6 Qxd6 17. Qe2 Re7 18. Qf3 c5 19. Ka1 {1-0 (45) Katov,L (2225)-Valner,U (1960) Herceg Novi 2005}) 14. h4 N6d7 15. Nxd7 Qxd7 16. Na4 Qd8 17. Qb3 (17. Kb1 $16) 17... b5 18. Nc5 Bc8 19. f3 Bd6 20. Bxd6 Qxd6 21. Bc2 Ra7 22. Kb1 Rae7 23. e4 dxe4 $1 24. Nxe4 Qf4 25. Qa3 Rd7 26. Qc3 Red8 27. Rd2 c5 28. Nxc5 Rxd4 29. Rxd4 Rxd4 30. Ne4 Rd8 31. Re1 Bb7 32. Bb3 {Strongly threatening Ng5.} h6 33. Qe3 Qh2 {[#]} (33... Qxe3 $11 34. Rxe3 Ng6) 34. h5 (34. Nc5 $1 $16 Bd5 35. Qe7 (35. Nxa6 Bxb3 36. Qxb3 Qxh4 $11)) 34... Bd5 35. Bxd5 (35. Qd3 $5 {[%cal Rb3d5]} Qh4 36. Rd1 Bxe4 37. Qxe4 $11) 35... Rxd5 36. Qa3 Qg2 37. Qe3 {[%mdl 32768] Precision: White = 50%, Black = 44%. . Loss on Time!?} 0-1

[Event "IOM Open-Masters 2017"]
[Site "Douglas"]
[Date "2017.09.25"]
[Round "3"]
[White "Aravindh, Chithambaram VR."]
[Black "Piasetski, Leon"]
[Result "1-0"]
[WhiteElo "2573"]
[BlackElo "2286"]
[Annotator "TA"]
[PlyCount "61"]
[EventDate "2017.??.??"]
[EventType "swiss"]
[EventCountry "GBR"]
[SourceTitle "playchess.com"]
[Source "ChessBase"]
[SourceQuality "1"]

{[%evp 11,61,40,39,25,51,26,27,35,37,28,35,33,51,21,172,172,162,151,135,14,14,6,0,8,21,22,34,0,0,0,0,0,0,0,0,0,39,32,51,34,101,55,62,21,47,48,48,47,379,386,386,386]} 1. e4 g6 2. Nc3 Bg7 3. h4 h5 4. d4 c6 5. Bc4 d5 (5... b5 6. Bb3 d6 7. Nf3 Bg4 8. Be3 Nd7 9. Ng5 Bxd1 10. Bxf7+ Kf8 11. Bxg6 Nc5 12. dxc5 Bg4 13. f3 {0-1 (40) Moiseenko,A (2711)-Artemiev,V (2524) Khanty-Mansiysk 2013}) 6. exd5 {B06: Moderne Verteidigung} b5 {LiveBook: 4 Partien} 7. Bd3 {Droht stark dxc6.} b4 8. Nce2 $146 {Weiß steht etwas besser.} ({Vorgänger:} 8. Ne4 cxd5 9. Ng5 Nc6 10. N1f3 Bg4 11. c3 Qa5 12. Bd2 Nh6 13. O-O {½-½ (49) Romero Holmes,A (2524)-Kantsler,B (2487) Kallithea 2002}) 8... cxd5 9. a3 bxa3 10. Rxa3 Nh6 11. Nf3 O-O 12. Bf4 Bf5 $2 (12... Nc6 $11 {und Schwarz muss sich keine Sorgen machen.}) 13. Bxh6 $1 $18 Bxd3 14. Qxd3 ({Schwächer ist} 14. Rxd3 Bxh6 15. g4 hxg4 $11) 14... Bxh6 {[#]} 15. Ne5 (15. g4 $1 $16) 15... Nd7 $11 16. Nc6 Qe8 17. O-O Nb6 18. Ne5 Nd7 19. Rfa1 Nxe5 20. dxe5 e6 21. Nd4 Qe7 22. g3 Bg7 23. f4 Rfc8 24. c3 $36 {[%mdl 2048] Schwarz steht unter Druck.} Bf8 25. Ra6 Qb7 ({Günstiger ist} 25... Rc7 $14) 26. b4 Rc4 27. Nxe6 Rac8 28. Nc5 ({Falsch wäre} 28. Rxa7 $2 Qb6+ 29. Nc5 Bxc5+ 30. bxc5 Qxc5+ 31. Kh1 Rxc3 $19) (28. Nxf8 Rxc3 29. Qf1 Rxg3+ 30. Kh2 Rcc3 $19) 28... Bxc5+ 29. bxc5 Qe7 $2 {[%mdl 8192] [#]} (29... R8xc5 $14 30. Rxa7 Qb2) 30. Rxg6+ $1 $18 {[%mdl 512]} fxg6 31. Qxd5+ {Precision: Weiß = 54%, Schwarz = 50%.} 1-0

[Event "IOM Open-Masters 2017"]
[Site "Douglas"]
[Date "2017.09.25"]
[Round "3"]
[White "Timman, Jan H"]
[Black "Gelfand, Boris"]
[Result "1/2-1/2"]
[WhiteElo "2573"]
[BlackElo "2737"]
[Annotator "TA"]
[PlyCount "85"]
[EventDate "2017.??.??"]
[EventType "swiss"]
[EventCountry "GBR"]
[SourceTitle "playchess.com"]
[Source "ChessBase"]
[SourceQuality "1"]

{[%evp 22,85,0,-21,0,-25,-21,-8,-2,-24,-18,-16,0,-12,0,-7,0,-29,0,-16,-7,-17,0,-14,20,0,0,-2,15,19,26,9,27,0,0,-43,-36,-56,-54,-43,-53,-57,-47,-79,-78,-62,-30,-27,-19,-40,0,0,0,0,0,0,0,0,0,0,0,0,0,0,0,0]} 1. c4 c5 2. Nf3 Nf6 3. Nc3 d5 4. cxd5 Nxd5 5. e3 e6 6. Bc4 Be7 7. O-O O-O 8. d4 cxd4 9. exd4 Nxc3 10. bxc3 Qc7 11. Qe2 Nd7 {D41: Queen's Gambit Declined: Semi-Tarrasch with 5 cxd5} 12. Bb2 {LiveBook: 3 Games} (12. Bd3 Qxc3 13. Rb1 Nf6 14. Rb3 Qc7 15. Ne5 Rd8 16. g4 g6 17. g5 Nd5 18. Bd2 Bd6 19. Ng4 e5 20. Nh6+ {0-1 (39) Tomashevsky,E (2744)-Salem,A (2622) Doha 2015}) 12... b6 13. Bd3 Bb7 {Black has an edge.} 14. c4 Rfe8 15. Rac1 $146 ({Predecessor:} 15. Qe3) 15... Qf4 16. Nd2 Nf6 (16... e5 {is more complex.} 17. g3 Qh6 18. d5 Rad8 19. Bc2 Bb4) 17. g3 Qc7 18. f3 Rac8 19. Ne4 Qb8 20. Qd2 Nd7 21. f4 Nf6 22. Ng5 $1 {[%cal Be4g5,Bg5f3,Bf3e5][%mdl 32]} Rcd8 23. Qc2 {[%cal Rd3h7]} g6 24. Nf3 Qa8 25. Ne5 Ne4 26. Rfe1 {[%cal Rd3e4]} f5 27. a4 Bf6 28. Bxe4 (28. Ng4 $5 fxg4 29. Bxe4 $11) 28... Bxe4 29. Qe2 Bxe5 30. fxe5 Qc6 31. Ra1 Rd7 32. h3 Red8 33. Kh2 Rxd4 34. Bxd4 Rxd4 35. Rac1 $1 Qxa4 36. Red1 $1 {[%cal Rd1d4] The position is equal.} Qd7 37. Rxd4 Qxd4 $11 {[%mdl 4096] Endgame KQR-KQB} 38. Rd1 Qxe5 39. Qd2 {White threatens Qd8+ and mate.} Bc6 40. Qd8+ Kf7 {[#] ( -> ...Qe2+)} 41. Rd7+ $1 {[%mdl 512]} Bxd7 42. Qxd7+ Kf8 {And now ...Qb2+ would win.} (42... Kf6 $5 43. Qd8+ $8 Kg7 44. Qe7+ Kh6 45. Qh4+ Kg7 46. Qe7+ Kg8 47. Qe8+ Kg7 48. Qe7+ $11) 43. Qd8+ {Precision: White = 48%, Black = 42%.} 1/2-1/2

[Event "IOM Open-Masters 2017"]
[Site "Douglas"]
[Date "2017.09.25"]
[Round "3"]
[White "Lenderman, Aleksandr"]
[Black "Vallejo Pons, Francisco"]
[Result "1-0"]
[WhiteElo "2565"]
[BlackElo "2717"]
[Annotator "TA"]
[PlyCount "143"]
[EventDate "2017.??.??"]
[EventType "swiss"]
[EventCountry "GBR"]
[SourceTitle "playchess.com"]
[Source "ChessBase"]
[SourceQuality "1"]

{[%evp 14,143,15,6,14,6,24,14,8,10,36,34,40,26,38,27,23,39,37,37,50,35,35,43,28,27,27,33,48,53,50,20,59,44,52,37,40,30,30,30,31,39,77,66,66,25,23,23,42,16,13,21,22,19,16,15,20,6,22,43,36,23,43,0,33,33,44,27,13,20,41,0,0,0,37,0,0,0,0,0,0,0,0,0,0,0,0,0,0,0,0,0,0,0,0,0,0,0,0,0,0,0,0,0,0,0,0,0,0,0,0,0,0,0,0,0,0,0,29980,29979,29979,29980,29980,29981,29981,29982,29988,29989,29989,29990,29990,29991]} 1. d4 Nf6 2. c4 e6 3. g3 d5 4. Bg2 Bb4+ 5. Nd2 O-O 6. Ngf3 b6 7. O-O Bb7 8. b3 {LiveBook: 20 Games. E16: Queen's Indian: 4 g3 Bb7 5 Bg2 Bb4+} Qe7 $146 ({Predecessor:} 8... Nbd7 9. Bb2 Re8 10. Rc1 Rc8 11. a3 Bf8 12. Ne5 c5 13. Nxd7 Nxd7 14. dxc5 bxc5 15. Nb1 Ba6 16. cxd5 exd5 17. Qxd5 Rxe2 {½-½ (31) Wei,Y (2700)-Yu,Y (2738) China 2016}) 9. Bb2 a5 10. a3 {White has an edge.} Bd6 11. Qc2 Na6 12. Nh4 c5 13. cxd5 Nxd5 14. Ne4 Rac8 15. Nxd6 Qxd6 16. Qd3 Rfd8 17. Rac1 (17. e4 $5 {[%cal Re4d5]} Ne7 18. d5 $14) 17... Qe7 18. Rfd1 h6 19. Nf3 Nf6 20. Ne5 cxd4 21. Rxc8 ({Much weaker is} 21. Bxd4 Rxc1 22. Rxc1 Qxa3 $11) 21... Rxc8 22. Bxd4 Rd8 23. Qb5 Bxg2 24. Kxg2 Qb7+ 25. Qc6 Qxc6+ 26. Nxc6 Rd6 27. Rc1 Nd7 28. Be3 Kh7 29. b4 axb4 30. axb4 f6 31. Bf4 e5 32. Be3 b5 33. f4 exf4 34. gxf4 f5 35. Kf3 g5 36. h3 Kg6 37. Bd4 Kf7 38. e3 Nf6 39. Be5 Rd2 $1 {[#] aiming for ...Ne4.} 40. Nd4 {Black must now prevent Bxf6.} (40. fxg5 {seems wilder.} Ne4 41. Bg3 Nxg5+ 42. Kf4 Nc7 43. Kxf5 Nd5 44. Bf4) 40... Nxb4 {Hoping for ...Nd3.} 41. Nxf5 gxf4 {...Nd3 is the strong threat.} 42. Nxh6+ Kg6 43. Bxf6 fxe3 44. Bc3 Rf2+ $1 45. Kxe3 Rh2 46. Bxb4 (46. Rg1+ {with more complications.} Kxh6 47. Bg7+ Kh7 48. Bf8 Rxh3+ 49. Kd2) 46... Rxh3+ 47. Kf4 Kxh6 $11 {[%mdl 4096] Endgame KRB-KR} 48. Rc6+ Kg7 49. Bd6 Kf7 50. Be5 $1 b4 51. Kf5 Rh5+ 52. Ke4 Rh1 53. Kd5 Rd1+ 54. Bd4 b3 55. Rf6+ Ke7 56. Rb6 b2 57. Rxb2 Kf7 58. Rg2 Ke7 59. Rg7+ Kf8 60. Ra7 Ke8 61. Rh7 Kf8 62. Ke5 Kg8 63. Rd7 Rc1 64. Kf5 Kf8 65. Be5 {Strongly threatening Kf6.} Rf1+ $2 {[%mdl 8192] [#]} (65... Kg8 $11) 66. Ke6 {[%cal Rd7d8] White mates.} Kg8 67. Rg7+ Kf8 68. Rh7 {[%cal Rh7h8]} Ke8 69. Rc7 {[%cal Rc7c8]} Kd8 70. Rc2 Re1 71. Rg2 {[%cal Rg2g8]} Kc8 72. Rb2 {Precision: White = 74%, Black = 58%.} 1-0

[Event "IOM Open-Masters 2017"]
[Site "Douglas"]
[Date "2017.09.25"]
[Round "3"]
[White "Wagner, Dennis"]
[Black "Karavade, Eesha"]
[Result "1/2-1/2"]
[WhiteElo "2564"]
[BlackElo "2384"]
[Annotator "TA"]
[PlyCount "99"]
[EventDate "2017.??.??"]
[EventType "swiss"]
[EventCountry "GBR"]
[SourceTitle "playchess.com"]
[Source "ChessBase"]
[SourceQuality "1"]

{[%evp 18,99,23,9,20,11,22,8,10,-8,35,21,41,0,66,57,70,59,55,69,71,8,18,2,45,25,33,19,25,0,0,0,0,0,0,0,0,0,0,0,12,18,10,-19,0,0,0,0,0,0,0,0,0,0,0,0,0,0,12,0,0,0,0,0,0,0,0,0,8,0,0,0,0,0,0,0,0,0,0,0,0,0,0,0]} 1. Nf3 d5 2. g3 g6 3. Bg2 Bg7 4. d4 Nf6 5. O-O O-O 6. c4 c6 7. Nbd2 Bf5 8. b3 Ne4 9. Bb2 Qa5 10. h3 {LiveBook: 3 Partien. D78: Grünfeldindisch (Fianchetto 6.0-0 c6)} Nd7 11. g4 $146 ({Vorgänger:} 11. Qe1 Qa6 12. g4 Nxd2 13. Nxd2 Be6 14. e4 dxc4 15. Qc1 Nb6 16. f4 f5 17. d5 Bxb2 18. Qxb2 cxd5 19. exf5 {½-½ (51) Sonis,F (2453)-Kovchan,A (2596) Trieste 2017}) 11... Nxd2 12. Nxd2 {[%cal Bf3d2,Bd2e4,Be4c5][%mdl 32]} Be6 13. Rc1 Rad8 14. Bc3 Qb6 15. e4 {[%cal Rc4d5]} dxe4 (15... dxc4 $1 $11 16. d5 (16. Nxc4 Bxc4 17. bxc4 Qa6 $11) 16... Bxc3 17. Rxc3 cxd5) 16. Nxe4 $14 Nf6 {Schwarz will ...Sxe4 spielen.} 17. Nc5 {Droht De1 und aus.} Bc8 18. Qe1 {[#] Droht stark La5.} Qc7 $1 19. Qe3 ({Günstiger ist} 19. d5 $16) 19... h5 $11 20. g5 Nd7 {[%cal Bf6d7,Bd7f8,Bf8e6][%mdl 32]} 21. Nd3 Rfe8 22. Rfe1 Nf8 23. Ne5 Bxe5 {Die Stellung ist ausgeglichen.} 24. Qxe5 Qxe5 25. Rxe5 Ne6 26. Rce1 Nxd4 27. Rxe7 Rxe7 28. Rxe7 {[#] zielt auf Lxd4 ab.} Ne6 29. Bf6 Kf8 30. b4 Rd7 31. Rxd7 Bxd7 {[%mdl 4096] Endspiel KLL-KLS} 32. h4 Nf4 33. Bf1 Bf5 34. Be5 Nd3 35. Bc3 Ke7 36. Kg2 Kd6 37. Kf3 c5 38. a3 b6 39. Ke3 Ne5 40. f4 Ng4+ 41. Kd2 Be4 42. Bg7 a6 43. Be2 Ke7 44. bxc5 bxc5 45. a4 Bc6 46. a5 Nh2 47. Ke3 Ng4+ 48. Kd2 Nh2 49. Ke3 Ng4+ 50. Kd2 {Precision: Weiß = 49%, Schwarz = 74%.} 1/2-1/2

[Event "IOM Open-Masters 2017"]
[Site "Douglas"]
[Date "2017.09.25"]
[Round "3"]
[White "Deac, Bogdan-Daniel"]
[Black "Fressinet, Laurent"]
[Result "1/2-1/2"]
[WhiteElo "2559"]
[BlackElo "2657"]
[Annotator "TA"]
[PlyCount "47"]
[EventDate "2017.??.??"]
[EventType "swiss"]
[EventCountry "GBR"]
[SourceTitle "playchess.com"]
[Source "ChessBase"]
[SourceQuality "1"]

{[%evp 16,47,6,0,30,19,22,14,12,12,12,8,26,11,18,13,14,7,7,11,16,2,9,23,19,25,5,10,35,0,0,0,39,0]} 1. e4 e5 2. Nf3 Nc6 3. Bb5 {[%cal Bf1b5,Bb5a4,Ba4b3][%mdl 32]} a6 4. Ba4 Nf6 5. O-O Be7 6. d3 b5 7. Bb3 d6 8. a3 O-O 9. Nc3 Na5 {C77: Ruy Lopez: 3...a6 4 Ba4 Nf6, unusual lines} 10. Ba2 Be6 11. b4 Bxa2 {The position is equal.} 12. Rxa2 Nc6 13. Bg5 Ng4 14. Bd2 Nf6 15. Re1 {[%cal Bf1e1,Be1e5,Be5c5][%mdl 32]} Qd7 16. Qb1 {[#]} d5 $146 ({Predecessor:} 16... Rab8 17. Nd5 Nxd5 18. exd5 {½-½ (37) Bacrot,E (2715)-Leko,P (2678) Biel 2017}) 17. exd5 Nxd5 18. Nxe5 (18. Nxd5 {keeps more tension.} Qxd5 19. c4 bxc4 20. dxc4 Qe6 21. Bc3) 18... Nxe5 19. Rxe5 Nxc3 20. Bxc3 Bf6 21. Rc5 {aiming for Bxf6.} Be7 22. Re5 Bf6 23. Rc5 Be7 24. Re5 {Precision: White = 56%, Black = 65%.} 1/2-1/2

[Event "IOM Open-Masters 2017"]
[Site "Douglas"]
[Date "2017.09.25"]
[Round "3"]
[White "Brunello, Sabino"]
[Black "Howell, David W L"]
[Result "1/2-1/2"]
[WhiteElo "2555"]
[BlackElo "2701"]
[Annotator "TA"]
[PlyCount "95"]
[EventDate "2017.??.??"]
[EventType "swiss"]
[EventCountry "GBR"]
[SourceTitle "playchess.com"]
[Source "ChessBase"]
[SourceQuality "1"]

{[%evp 16,95,12,8,22,24,0,0,20,12,35,44,38,35,46,27,20,12,27,14,18,0,25,31,25,6,6,6,6,6,5,10,4,9,9,3,22,18,18,18,27,28,27,28,29,27,27,29,29,29,29,29,31,27,27,16,56,56,82,56,82,56,64,56,56,56,56,56,56,56,56,56,56,56,56,9,56,56,56,27,29,33]} 1. d4 d5 2. c4 dxc4 3. e4 Nf6 4. e5 Nd5 5. Bxc4 Bf5 6. Ne2 e6 7. O-O Nb6 8. Bb3 Nc6 9. Nbc3 Qd7 {D20: Queen's Gambit Accepted: 3 e3 and 3 e4} 10. Be3 O-O-O 11. Qc1 Kb8 {The position is equal.} 12. Rd1 Nb4 13. Ng3 {[%cal Be2g3,Bg3e4,Be4c5][%mdl 32]} Bg6 {[#]} 14. Nge4 $146 ({Predecessor:} 14. a3 N4d5 15. Bg5 Be7 16. Nge4 Nxc3 17. Nxc3 {1-0 (27) Postny,E (2658)-Stevic,H (2600) Bol 2015}) 14... h6 15. Nc5 Qc6 16. a3 N4d5 17. Nxd5 Nxd5 18. Ba4 Qb6 19. b4 ({Don't blunder} 19. Nd7+ $2 {[#]} Rxd7 $1 {[%mdl 512]} 20. Bxd7 c6 $19) 19... Bxc5 20. dxc5 Qa6 21. Bb3 Nxe3 22. Qxe3 Rxd1+ 23. Bxd1 Rd8 24. Be2 Qa4 25. Rc1 Bc2 26. h4 Bd1 27. Bf1 Qd7 28. Rc3 Qd2 29. Qxd2 Rxd2 $11 {[%mdl 4096] Endgame KRB-KRB} 30. Rg3 g6 31. Rd3 Rxd3 32. Bxd3 {KB-KB} Kc8 33. f4 Kd7 34. Bb5+ Ke7 35. Kf2 f5 36. Ke3 h5 37. Kd4 Bc2 38. Be2 Kd7 39. Bf3 c6 40. Kc3 Ba4 41. Be2 Kc7 42. Bc4 Kd7 43. Bb3 Bxb3 44. Kxb3 Kc7 45. Kc4 Kd7 46. a4 a6 47. b5 a5 48. b6 {Precision: White = 64%, Black = 63%.} 1/2-1/2